| 000 | 02552nam a22003857a 4500 | ||
|---|---|---|---|
| 001 | 1002523.0 | ||
| 003 | KnowledgeUnlatched | ||
| 005 | 20210303104842.0 | ||
| 006 | m o d | ||
| 007 | cr u|||||||||| | ||
| 008 | 210129p20192020cau o u00| u eng d | ||
| 037 | _5BiblioBoard | ||
| 245 | 0 | 0 |
_aRules of the House _bFamily Law and Domestic Disputes in Colonial Korea / _cSungyun Lim. |
| 020 | _a9789176350607 | ||
| 024 | 8 | _a10.1525/luminos.60 | |
| 029 | 1 | _ahttps://library.biblioboard.com/ext/api/media/86bc2147-342a-4ad0-ae8c-45c1d663d275/assets/thumbnail.jpg | |
| 040 |
_aScCtBLL _cScCtBLL |
||
| 100 | 1 |
_aLim, Sungyun _eauthor. |
|
| 264 | 1 | _bUniversity of California Press, | |
| 300 | _a1 online resource (1 p.) | ||
| 506 | 0 |
_aAccess copy available to the general public. _fUnrestricted _2star |
|
| 520 | _aRules of the House examines the transformation of the Korean family during and after Japanese colonial rule. Through in-depth reading of civil litigation records, the book shows how the Japanese colonial legal system transformed Korean families from the traditional patrilineal family system into small, patriarchal households. The new domestic pattern proved remarkably durable, forming the basis of postcolonial family life. Women feature prominently in the book. Increasingly marginalized by patriarchy, women embodied the fault line between one family system as it receded and the other as it expanded under the auspices of Japanese colonial law. As a consequence, women's rights to family property, inheritance, divorce, and adoption of heirs were frequently challenged by family members. Far from being quiet victims, these women brought their cases to the colonial courts and won a surprising number of cases. The book highlights how legal discourse about women's rights in colonial civil courts articulated the transformation of the family. | ||
| 588 | 0 | _aDescription based on print version record. | |
| 590 | _aLuminos | ||
| 650 | 7 |
_aHistory _2bisacsh |
|
| 650 | 7 |
_aHistory / Asia _2bisacsh |
|
| 650 | 7 |
_aSocial Science / Gender Studies _2bisacsh |
|
| 650 | 0 | _aHistory | |
| 655 | 0 | _aElectronic books. | |
| 758 |
_iIs found in: _aKnowledge Unlatched _1https://openresearchlibrary.org/module/2774bc74-146a-484f-a7ba-ab1d6a09bbfb |
||
| 856 | 4 | 0 |
_uhttps://openresearchlibrary.org/content/86bc2147-342a-4ad0-ae8c-45c1d663d275 _zView this content on Open Research Library. _70 |
| 999 |
_c32779 _d32779 |
||